00850nam a2200241 i 45000010005000000030009000050050017000140080041000310200015000720400028000870820019001151000025001342450094001592500012002532600070002653000046003354900083003815000022004645040030004866500025005166500049005417000018005901723BD-DhUAP20210127133728.0781208s1978 caua b 001 0 eng  a0875893759 aDLCcDLCdBD-DhUAPbEng00223a379.15 AND1 aAnderson, Scarvia B.14aThe profession and practice of program evaluation /cScarvia B. Anderson and Samuel Ball. a1st ed. aSan Francisco :bJossey-Bass Publishers,cc1978 [Reprinted 1983]. axvii, 252 pages :billustration ;c24 cm.0 aThe Jossey-Bass series in social and behavioral science & in higher education. aIncludes indexes. aBibliography: p. 221-242. 0aEducational surveys. 0aEvaluation research (Social action programs)1 aBall, Samuel.